ức Trai di tập

محفوظ في:
التفاصيل البيبلوغرافية
المؤلف الرئيسي: Nguyễn Trãi
التنسيق: كتاب
اللغة:Undetermined
منشور في: Hà Nội Mũi Cà Mau 1994
الموضوعات:
الوسوم: إضافة وسم
لا توجد وسوم, كن أول من يضع وسما على هذه التسجيلة!
Thư viện lưu trữ: Trung tâm Học liệu Trường Đại học Cần Thơ
LEADER 00528nam a2200169Ia 4500
001 CTU_8388
008 210402s9999 xx 000 0 und d
082 |a 895.922308 
082 |b Tr103 
100 |a Nguyễn Trãi 
245 0 |a ức Trai di tập 
245 0 |c Nguyễn Trãi, Bùi Văn Nguyên 
260 |a Hà Nội 
260 |b Mũi Cà Mau 
260 |c 1994 
650 |a vietnamese literature - 15th century,vietnamese poetry - 15th century 
980 |a Trung tâm Học liệu Trường Đại học Cần Thơ